000 01053nab a2200205 i 4500
001 768714001
003 CO-MdFUSB
005 20240426124740.0
008 240426t1994 us ||||| |||| 00| 0 eng d
040 _bspa
_cCO-MdFUSB
_dCO-MdFUSB
041 _aeng
100 _aKoessler, John,
_eautor
245 _aInvesting in small-church futures
_c/ John Koessler
300 _aVolumen 15, número 3 (summer, 1994), páginas: 26 - 32
_c; 27 cm
520 _aEn esta nota el autor expresa: "Como pastor de una congregación de 75 personas, a veces me he preguntado si lo último que mi iglesia necesita es visión... Pero a medida que hemos trabajado para formular una visión de largo alcance, he aprendido mucho sobre la visión en la iglesia pequeña, tanto las dificultades como los beneficios."
546 _aTexto en inglés.
650 7 _aLiderazgo
_xAspectos religiosos
_xCristianismo
_97270
773 0 _068780
_982553
_oR2487
_tLeadership :
_w(CO-MdFUSB)768714001
_gVolumen 15, número 3 (summer, 1994), páginas: 26 - 32
_qpágina: 26
942 _cANA
999 _c69407
_d69407